[Event "ISL-ch"]
[Site "Reykjavik"]
[Date "2015.05.19"]
[Round "6"]
[White "Arnason, Jon Loftur"]
[Black "Steingrimsson, Hedinn"]
[Result "0-1"]
[WhiteElo "2499"]
[BlackElo "2532"]
[Annotator "CB"]
[PlyCount "108"]
[EventDate "2015.05.14"]
[EventType "tourn"]
[EventRounds "11"]
[EventCountry "ISL"]
[EventCategory "9"]
[SourceTitle "CBM 166 Extra"]
[Source "ChessBase"]
[SourceDate "2015.06.18"]
[SourceVersion "1"]
[SourceVersionDate "2015.06.18"]
[SourceQuality "1"]
[WhiteClock "0:06:44"]
[BlackClock "0:03:41"]

{GM Arnason played a good tournament and ended splitting the bronze medal
together with GM Stefansson. He made few mistakes and only lost with black
against GM Stefansson after getting into trouble in the opening and then this
game:} 1. e4 e5 2. Nf3 Nc6 3. Bb5 a6 4. Ba4 Nf6 5. O-O b5 6. Bb3 Be7 7. d3 d6
8. a4 Bd7 9. c3 O-O 10. h3 {white avoids an opening theory battle and prefers
to play in a safe and solid manner} Na5 11. Bc2 c5 12. Nbd2 Re8 13. Re1 Bf8 14.
Nf1 h6 15. Ng3 g6 16. d4 Bg7 17. b3 exd4 18. cxd4 cxd4 (18... bxa4 $5 19. bxa4
cxd4 {was also interesting}) 19. axb5 d3 20. Bxd3 axb5 21. Bb2 Qb6 22. Bd4 Qb7
{[%csl Ge4]} 23. Qc2 Nc6 24. Bc3 Rxa1 25. Rxa1 Ne5 26. Nxe5 dxe5 {Diagram [#]
in a typical Ruy Lopez, the position has been approximately equal for a long
time. Now GM Arnason spots a weakness: the black ...b5 pawn. Attacking this
pawn is a very typical plan in positions of this type, but does it work in
this concrete position?} 27. Ra5 {[%csl Gb5] Attacking the isolated pawn on b5}
h5 $5 {Asks white an important question. Black's plan is obviously to play ...
h4 followed up with .. .Nh5-f4 and some clouds start appearing over the white
king} 28. h4 {white tries to prevent black from gaining space, but is this too
ambitious?} Ng4 {Diagram [#]} 29. Qe2 {when discussing the game at the closing
ceremony, GM Arnason felt that this move was his big mistake. Things are,
however, not as easy as he thought because after his suggested move} (29. Nf1 {
with the idea to answer} Bf6 (29... Rc8 $5) {with} 30. g3 {black has an
another way to attack the white king:} Rc8 $5 31. Qb2 Bd8 32. Ra2 Bb6 33. Be1
Bd4 {white has been playing a series of only moves. Even so, black is much
better here}) 29... Bf6 30. Bxb5 Bxh4 ({another way was:} 30... Bd8 $5 31. Bxd7
Bxa5 32. Bxe8 Bxc3 {the bishop is coming to d4. White can hardy survive with a
knight burried on h1 and thus the threat to the f2 pawn spells trouble for
white}) 31. Nh1 Bd8 32. Bxd7 Qxd7 ({again another option was:} 32... Bxa5 $5
33. Bxe8 Bxc3) 33. Rd5 Qe6 34. Qd1 Bb6 35. Rd6 Qc8 36. Rxb6 Qxc3 37. Rd6 Kg7
38. Rd3 Qc5 39. Rd2 Ra8 40. Ng3 Ra3 41. Nf1 {Diagram [#] white has managed to
fend off an immediate attack and now has hopes to reach a draw after something
like g3, Kg2 followed with f3 and on a good day a white knight would find it's
way to the d5 square via e3 completely leveling the game. The question is: how
can black improve his position in the meantime? This question is not so easy
to answer because it seems that all black's pieces are optimally placed. What
sould black play in this position?} Nf6 $3 {moving the knight back from the
attack in order to relocate it at the square that the attack starting with ...
h5 originally had planned for the knight, namely f4. The knight can also
always jump back to g4 with a devistating effect after which we have a special
case of the saying the threat is stronger than the execution. Some of the most
difficult moves in chess are moves which move the pieces backwards. This is
definitely a key move in the game.} 42. Re2 Qb6 43. Nd2 ({in view of the game
continuation one can safely say that GM Arnason should have tried to defend by
giving up material or the b3 pawn. Here he gets an opportunity to try to
defend with a pawn less:} 43. Re3 $5 Ra2 (43... h4 $5 {is an option that keeps
the attack going}) 44. Re2 Rxe2 45. Qxe2 Qxb3 {black is a clear pawn up and
there is a difficult game ahead for white}) 43... Qd4 44. Qc2 (44. Qf1 {
is answered with} Ng4 $1 {for example} 45. Nf3 Qc3 {the b3 pawn falls and the
attack continues}) 44... Ra1+ 45. Nf1 (45. Nb1 {was no better because of} Ng4
46. Re1 Qa7 {followed up with Ra2. Pawn are going to fall and the attack on
the white king continue}) 45... h4 {Diagram [#]} 46. Re3 {after this move the
black knight finishes its relocation to f4. It is, however, hard to suggest
another move for white} (46. Rd2 {leads to an obviously lost ending after} Qxe4
47. Qxe4 Nxe4) 46... Nh5 47. Qd3 Nf4 48. Qb5 Rb1 (48... Rd1 {right away was
also possible}) 49. Kh2 ({after} 49. Qa5 {what would you play as black?} Ne2+ {
a nice tactical shot} (49... Qd1 {also wins} 50. Qb5 Kh7 51. Qa6 Qg4 (51... Rb2
)) 50. Rxe2 Qd1 51. Qxe5+ Kh7 52. Re1 Qxe1 53. Qb5 Qxe4 {and black wins}) 49...
Qa1 50. Kg1 Rd1 $1 {Diagram [#] white is almost in a Zugzwang. In addition to
that, black has the plan ... Qb1 and ...Nd3.} 51. Rf3 {this move looks like a
mistake, but what should white do? White is almost in a Zugzwang and at the
same time black threatens .. .Qb1 and ...Nd3} ({if} 51. b4 {then black plays}
Qb1 {for example} 52. Qxe5+ Kh7 53. Qb5 Nd3 {and black wins}) ({if white
attempts to free himself with} 51. g3 {then} h3 52. gxf4 Rxf1+ {wins for black}
) 51... Qd4 {black had a winning combination. It is rare to be allowed to play
what follows against a Grandmaster} 52. Re3 Qa1 53. Rf3 Rxf1+ $1 {now black
spotted the combination or in fact just after playing 51...Qd4. White resigned
because after} 54. Qxf1 Ne2+ {white looses his queen and also gets mated a few
moves later. A very important win which kept the lead in the tournament.} 0-1

[Event "Dortmunder Schachtage-10"]
[Site "Dortmund"]
[Date "1982.04.10"]
[Round "5"]
[White "Lobron, Eric"]
[Black "Hort, Vlastimil"]
[Result "0-1"]
[WhiteElo "2440"]
[BlackElo "2590"]
[Annotator "ChessBase"]
[PlyCount "44"]
[EventDate "1982.04.06"]
[EventType "tourn"]
[EventRounds "11"]
[EventCountry "GER"]
[EventCategory "10"]
[SourceTitle "MCL"]
[Source "ChessBase"]
[SourceDate "1999.07.01"]
[SourceVersion "1"]
[SourceVersionDate "1999.07.01"]
[SourceQuality "1"]

1. e4 e5 2. Nf3 Nc6 3. Bb5 a6 4. Ba4 Nf6 5. O-O b5 6. Bb3 Be7 7. d4 d6 8. c3
Bg4 9. h3 Bxf3 10. Qxf3 exd4 11. Rd1 $6 (11. Qg3 O-O 12. Bh6 Ne8 13. Bd5 Qd7
14. Qg4 $1 $14) 11... Ne5 12. Qg3 Nh5 13. Qh2 d3 14. f4 Bh4 $1 15. fxe5 Bg3 16.
Qh1 Qh4 $1 $44 (16... c5 17. Bd5 c4 18. Be3 $13) 17. Rxd3 (17. Be3 Qxe4 18. Bd4
dxe5 19. Nd2 Qc6 $17) 17... Qxe4 $1 (17... Bf2+ 18. Kf1 Ng3+ 19. Rxg3 Qxg3 20.
Ke2 $13) 18. Rd1 (18. Re3 Qf4 19. exd6+ Kd8 20. dxc7+ Kc8 21. Rxg3 (21. Re8+
Rxe8 22. Bxf4 Re1#) 21... Qxc1+ 22. Kh2 Qxh1+ 23. Kxh1 Nxg3+ 24. Kh2 Nf1+ 25.
Kg1 Ne3 $19) 18... Nf4 19. Bxf7+ (19. h4 Qe2 $1 20. Rf1 Qe3+ 21. Bxe3 Ne2#) (
19. Na3 Qe2 $1) 19... Kxf7 20. Bxf4 Bxf4 21. g3 Qe3+ $1 22. Kf1 Bxe5 0-1

[Event "Helsinki op"]
[Site "Helsinki"]
[Date "1992.??.??"]
[Round "9"]
[White "Dvoirys, Semen I"]
[Black "Frolov, Artur"]
[Result "1-0"]
[WhiteElo "2570"]
[BlackElo "2510"]
[Annotator "ChessBase"]
[PlyCount "97"]
[EventDate "1992.09.??"]
[EventType "swiss"]
[EventRounds "9"]
[EventCountry "FIN"]
[SourceTitle "CBM 032"]
[Source "ChessBase"]
[SourceDate "1993.02.01"]
[SourceVersion "1"]
[SourceVersionDate "1993.02.01"]
[SourceQuality "1"]

1. e4 e5 2. Nf3 Nc6 3. Bb5 a6 4. Ba4 Nf6 5. O-O Be7 6. d3 b5 7. Bb3 d6 8. a4
Bb7 9. axb5 $146 axb5 10. Rxa8 Qxa8 (10... Bxa8 11. Nc3 Qb8 (11... b4 $2 12.
Nd5 Nxd5 13. Bxd5 O-O 14. Bd2 Qb8 15. Qa1 $16) (11... Na5 12. Nxb5 Nxb3 13.
cxb3 O-O 14. Qc2 c6 15. Na3 $14) 12. Nd5 Nxd5 13. Bxd5 O-O 14. c3 $14) 11. Nc3
b4 12. Nd5 Nxd5 13. Bxd5 O-O 14. Bd2 Nd8 (14... Nd4 $6 15. Nxd4 exd4 16. Qh5
Bxd5 17. Qxd5 Qxd5 18. exd5 Rb8 19. b3 Rb5 20. Ra1 Rxd5 21. Ra8+ Bf8 22. Bxb4
$16) 15. Bxb7 Qxb7 16. Qa1 Ne6 $6 (16... b3 17. cxb3 Qxb3 18. d4 exd4 19. Nxd4
Qd3 20. Bc3 Bf6 21. Qb1 Qxb1 22. Rxb1 $14) 17. Qa4 Rb8 (17... b3 18. Qxb3 Qxb3
19. cxb3 Nc5 20. Rc1 $16) 18. b3 h6 19. Ra1 c5 20. Be3 Bg5 21. Qa7 Kf8 22. Ra6
Qxa7 (22... Ke7 $5 $16) 23. Rxa7 Rd8 24. h4 Bxe3 25. fxe3 h5 26. Nd2 d5 $2 (
26... Ke8 27. Nc4 Rd7 28. Ra6 Ke7 29. Kf2 $16) 27. exd5 Rxd5 28. Nc4 f6 29. Kf2
Ke8 30. Kf3 Rd7 31. Ra6 Kf7 32. Ke4 Nc7 33. Rc6 Nd5 34. Rxc5 Nc3+ 35. Kf3 e4+
36. dxe4 Rd1 37. Rc7+ Kf8 (37... Kg6 38. e5 $18) 38. e5 Rf1+ 39. Kg3 Ne4+ 40.
Kh2 g5 41. Nd6 Nxd6 42. exd6 Rd1 43. Rc4 Rxd6 44. Rxb4 Rd2 45. Rc4 gxh4 46. b4
Ke7 47. b5 Rd5 48. Re4+ Kd6 49. Rd4 1-0

[Event "Paris FIDE GP"]
[Site "Elancourt"]
[Date "2013.09.30"]
[Round "8"]
[White "Fressinet, Laurent"]
[Black "Tomashevsky, Evgeny"]
[Result "1/2-1/2"]
[WhiteElo "2708"]
[BlackElo "2706"]
[Annotator "ChessBase Website"]
[PlyCount "191"]
[EventDate "2013.09.22"]
[EventType "tourn"]
[EventRounds "11"]
[EventCountry "FRA"]
[EventCategory "20"]
[SourceTitle "CBM 157"]
[Source "ChessBase"]
[SourceDate "2013.11.12"]
[SourceVersion "1"]
[SourceVersionDate "2013.11.12"]
[SourceQuality "1"]
[TimeControl "40/7200:20/3600:900+30"]
[WhiteClock "2:00:00"]
[BlackClock "2:00:00"]

1. e4 {[%emt 0:00:05]} e5 {[%emt 0:00:07]} 2. Nf3 {[%emt 0:00:06]} Nc6 {
[%emt 0:00:06]} 3. Bb5 {[%emt 0:00:04]} a6 {[%emt 0:00:06]} 4. Ba4 {[%emt 0:00:
05]} Nf6 {[%emt 0:00:06]} 5. O-O {[%emt 0:00:07]} Be7 {[%emt 0:00:06]} 6. d3 {
[%emt 0:00:08]} b5 {[%emt 0:00:30]} 7. Bb3 {[%emt 0:00:08]} d6 {[%emt 0:00:08]}
8. a3 {[%emt 0:00:08]} O-O {[%emt 0:01:10]} 9. Nc3 {[%emt 0:00:12]} Bg4 {
[%emt 0:00:57]} 10. Be3 {[%emt 0:00:27]} Nd4 {[%emt 0:00:42]} 11. Bxd4 {
[%emt 0:00:07]} exd4 {[%emt 0:00:05]} 12. Nd5 {[%emt 0:00:07]} Nd7 {[%emt 0:00:
05]} 13. h3 {[%emt 0:00:11]} Bxf3 {[%emt 0:00:09]} 14. Qxf3 {[%emt 0:00:05]} c6
{[%emt 0:00:07]} 15. Nf4 {[%emt 0:00:09]} g6 {[%emt 0:08:17]} 16. g3 $146 {
[%emt 0:01:02]} (16. Qg4 Kh8 17. Ne2 Bf6 18. f4 Bg7 19. Qf3 Rb8 20. e5 dxe5 21.
Qxc6 f5 22. a4 Rb6 23. Qd5 Qc7 24. axb5 Rxb5 25. Qc4 Qxc4 26. dxc4 Rb6 27. fxe5
d3 28. Nf4 dxc2 29. Bxc2 Bxe5 30. Nd3 Bxb2 31. Nxb2 Rxb2 32. Ba4 Nc5 33. Bc6
Rc8 34. Bd5 Rc7 35. g4 fxg4 36. hxg4 Kg7 37. Ra5 Re2 38. Rf3 Re5 39. Kg2 Kh6
40. Rf7 Rxf7 41. Bxf7 Kg5 42. Kf3 Kh4 43. Bg8 h6 44. Bf7 Kg5 45. Bd5 Nb3 {
Ramirez,A (2588)-Tomashevsky,E (2706) Tromso 2013 1/2-1/2}) 16... Bf6 {[%emt 0:
07:53]} 17. h4 {[%emt 0:02:39]} Ne5 {[%emt 0:20:09]} 18. Qe2 {[%emt 0:01:59]}
Kg7 {[%emt 0:07:21]} 19. a4 {[%emt 0:12:20]} Qd7 {[%emt 0:06:20]} 20. Kg2 {
[%emt 0:13:24]} h5 {[%emt 0:01:06]} 21. f3 {[%emt 0:01:40]} Qb7 {[%emt 0:12:16]
} 22. Qf2 {[%emt 0:28:55]} Qb6 {[%emt 0:06:22]} 23. Rh1 {[%emt 0:10:13]} Rh8 {
[%emt 0:07:02]} 24. Ra2 {[%emt 0:10:52]} Rac8 {[%emt 0:21:49]} 25. axb5 {
[%emt 0:04:58]} axb5 {[%emt 0:00:05]} 26. Qd2 {[%emt 0:06:06]} Ra8 {[%emt 0:00:
54]} 27. Rha1 {[%emt 0:01:50]} Rxa2 {[%emt 0:07:10]} 28. Rxa2 {[%emt 0:00:16]}
Rb8 {[%emt 0:01:21]} 29. Nh3 {[%emt 0:03:54]} Rb7 {[%emt 0:00:34]} 30. Qa5 {
[%emt 0:03:11]} Qxa5 {[%emt 0:00:05]} 31. Rxa5 {[%emt 0:00:03]} Nd7 {[%emt 0:
00:04]} 32. Ra6 {[%emt 0:02:47]} Rc7 {[%emt 0:00:04]} 33. Ra8 {[%emt 0:01:53]}
Nb6 {[%emt 0:02:22]} 34. Ra5 {[%emt 0:00:45]} Nd7 {[%emt 0:00:16]} 35. f4 {
[%emt 0:00:47]} Nc5 {[%emt 0:00:14]} 36. Ng1 {[%emt 0:00:50]} Rb7 {[%emt 0:01:
57]} 37. Nf3 {[%emt 0:00:32]} Nxb3 {[%emt 0:00:05]} 38. cxb3 {[%emt 0:00:05]}
c5 {[%emt 0:00:05]} 39. Kf2 {[%emt 0:03:09]} Be7 {[%emt 0:01:13]} 40. Ke2 {
[%emt 0:00:00]} f5 {[%emt 0:00:00]} 41. b4 $1 {[%emt 0:07:53] Tomashevsky
decided to use the same line that brought him an easy draw in the Tromso World
Cup in round one. Fressinet didn't really prove any real improvement, but
through some inaccuracies of the Russian he was able to obtain the a-file for
his rook and a little bit of pressure. In time trouble Tomashevsky allowed his
opponent to set up perfectly and after White's 41.b4! he was suddenly in real
trouble as his structure was collapsing.} fxe4 42. dxe4 {[%emt 0:00:09]} Bf6 {
[%emt 0:42:40]} 43. e5 {[%emt 0:06:04]} Be7 {[%emt 0:01:05]} 44. exd6 {[%emt 0:
09:30]} Bxd6 {[%emt 0:00:38]} 45. bxc5 {[%emt 0:03:23]} Bxc5 {[%emt 0:04:00]}
46. Ra6 {[%emt 0:00:41]} d3+ {[%emt 0:02:35]} 47. Kxd3 {[%emt 0:01:27]} Bf2 {
[%emt 0:00:03]} 48. Ne5 {[%emt 0:01:10]} Rb6 {[%emt 0:00:01]} 49. Rxb6 {
[%emt 0:03:00]} Bxb6 {[%emt 0:00:02]} 50. Ke4 {[%emt 0:01:17]} Bf2 {[%emt 0:00:
04]} 51. Kf3 {[%emt 0:00:04]} Bd4 {[%emt 0:00:04]} 52. Nd3 {[%emt 0:01:18]} Kf6
{[%emt 0:00:31]} 53. Ke4 {[%emt 0:00:15]} Bg1 {[%emt 0:00:05]} 54. b3 {[%emt 0:
02:00]} Ke6 {[%emt 0:00:07]} 55. Ne5 {[%emt 0:03:30]} Kf6 {[%emt 0:00:07]} 56.
Nd3 {[%emt 0:01:57]} Ke6 {[%emt 0:00:04]} 57. Nc1 {[%emt 0:00:13]} Bf2 {
[%emt 0:02:18]} 58. Ne2 {[%emt 0:00:27]} Be1 {[%emt 0:04:57]} 59. Nd4+ {
[%emt 0:03:16]} Kf6 {[%emt 0:00:05]} 60. Kf3 {[%emt 0:00:00]} b4 {[%emt 0:00:
00]} 61. Nc2 {[%emt 0:00:53]} Bc3 {[%emt 0:02:02]} 62. Ke4 {[%emt 0:03:38]} Ke6
{[%emt 0:00:54]} 63. Ne3 {[%emt 0:00:53]} Be1 {[%emt 0:02:32]} 64. f5+ {
[%emt 0:04:27]} gxf5+ {[%emt 0:00:53]} 65. Nxf5 {[%emt 0:00:05]} Kf6 {[%emt 0:
01:42]} 66. Kf4 {[%emt 0:00:04]} Bc3 {[%emt 0:00:04]} 67. Ne3 {[%emt 0:00:22]}
Be5+ {[%emt 0:00:06]} 68. Kf3 {[%emt 0:00:04]} Bd6 {[%emt 0:00:26]} 69. Nc4 {
[%emt 0:04:53]} Be7 {[%emt 0:07:29]} 70. Ke4 {[%emt 0:00:51]} Bf8 {[%emt 0:01:
50]} 71. Ne3 {[%emt 0:01:06]} Bc5 {[%emt 0:00:31]} 72. Nd5+ {[%emt 0:06:04]}
Kg6 {[%emt 0:00:03]} 73. Nf4+ {[%emt 0:00:31]} Kh6 {[%emt 0:00:00]} 74. Kf3 {
[%emt 0:00:07]} Bd6 {[%emt 0:00:22]} 75. g4 {[%emt 0:01:47]} hxg4+ {[%emt 0:00:
05]} 76. Kxg4 {[%emt 0:00:03]} Be5 {[%emt 0:00:59]} 77. Nd3 {[%emt 0:00:34]}
Bc3 {[%emt 0:00:08]} 78. Nc5 {[%emt 0:00:45]} Bd2 {[%emt 0:00:38]} 79. Ne4 {
[%emt 0:00:11]} Bc1 {[%emt 0:00:54]} 80. Ng3 {[%emt 0:01:49]} Bd2 {[%emt 0:00:
29]} 81. h5 {[%emt 0:02:12]} Bc3 {[%emt 0:00:49]} 82. Nf5+ {[%emt 0:00:18]} Kh7
{[%emt 0:00:01]} 83. Kg5 {[%emt 0:01:05]} Bd2+ {[%emt 0:00:16]} 84. Kf6 {
[%emt 0:00:08]} Bc3+ {[%emt 0:00:40]} 85. Ke6 {[%emt 0:00:13]} Bd2 {[%emt 0:00:
54]} 86. Kd5 {[%emt 0:00:05]} Bc3 {[%emt 0:00:20]} 87. Kc4 {[%emt 0:01:42]} Bd2
{[%emt 0:00:07]} 88. Kc5 {[%emt 0:00:35]} Be1 {[%emt 0:00:19]} 89. Kb5 {
[%emt 0:00:04]} Bc3 {[%emt 0:00:33]} 90. Kc4 {[%emt 0:01:45]} Bd2 {[%emt 0:00:
04]} 91. Ne7 {[%emt 0:00:41]} Kh6 {[%emt 0:00:05]} 92. Nd5 {[%emt 0:00:03]}
Kxh5 {[%emt 0:00:05]} 93. Nxb4 {[%emt 0:00:03]} Kg6 {[%emt 0:00:10]} 94. Nd5 {
[%emt 0:00:06]} Kf7 {[%emt 0:00:36]} 95. b4 {[%emt 0:00:02]} Bxb4 {[%emt 0:00:
05]} 96. Kxb4 {[%emt 0:00:02]} 1/2-1/2